MARC

LEADER 00000nas a22000007a 4500
001 ssj0002337
003 WaSeSS
005 20200512172242.0
006 m d
007 cr n
008 050614c19479999nyubn p s | a0eng
010 |a  2011202296 
022 |a 2161-8496  |y 0002-8738 
035 |a (WaSeSS)ssj0002337 
037 |b American Heritage Publishing Company, 416 Hungerford Drive, Suite 216, Rockville, MD 20850-4127 
040 |a OCLCS  |b eng  |c OCLCS  |d FGA  |d AUD  |d OCLCQ  |d CO3  |d OCLCE  |d OCLCQ  |d DLC  |d OCLCQ  |d OCLCF  |d OCLCO  |d NKB  |d OCLCO  |d OCLCQ  |d ZAC  |d WaSeSS 
042 |a pcc  |a nsdp 
043 |a n-us--- 
050 1 4 |a E171  |b .A43 
082 1 0 |a 973.05  |2 14 
130 0 |a American heritage (Online) 
222 0 |a American heritage  |b (Online) 
245 1 0 |a American heritage  |h [electronic resource]. 
260 |a Cooperstown, N.Y. :  |b Published for the American Association for State and Local History 
310 |a Bimonthly (monthly in Oct.),  |b <Feb./Mar. 2002-> 
321 |a Quarterly (irregular),  |b Jan./Feb. 1947-summer 1954 
321 |a Bimonthly,  |b Dec. 1954- 
321 |a 8 no. a year,  |b <July/Aug. 1994-> 
362 1 |a Began with v. 1, no. 1, Jan./Feb. 1947. 
500 |a Published: New York, N.Y. : American Heritage Pub. Co., Dec. 1954- 
506 |a License restrictions may limit access. 
515 |a Issues for Sept. 1949- designated new series, v. 1, no. 1- 
515 |a Issues for Sept. 1949 and Dec. 1954- omit the notation "new series." 
525 |a Has supplements. 
538 |a Mode of access: World Wide Web. 
550 |a Sponsored by the American Association for State and Local History and the Society of American Historians, Dec. 1954-Apr./May 1982; by the Society alone, June/July 1982- 
555 |a Vol. 6 (1954/1955)-15 (1963/1964). 1 v.; v. 16 (1964/1965)-20 (1968/1969). 1 v.; v. 6 (1954/1955)-33 (1981/1982). 1 v.; v. 34, no. 1 (Dec. 1982)-38, no. 8 (Dec. 1987). 1 v.; v. 6, no. 1 (Dec 1954)-45, no. 8 (Dec 1994). 1 v.; Subject index: v. 6 (1954/1955)-17 (1965/1966). 1 v.; v. 6 (1954/1955)-40 (1989). 1 v.; Dec. 1954-Dec. 1989. 1 v.; Dec. 1954-Dec. 1994. 1 v.; v. 6, no. 1 (Dec 1954)-50, no. 8 (Dec 1999). 1 v. 
588 |a Description based on: Vol. 6, issue 1 (Dec. 1954); title from contents pg. (Americanheritage.com, viewed June 13, 2011). 
588 |a Latest issue consulted: Vol. 61, issue 1 (spring 2011) (viewed June 13, 2011). 
650 7 |a Civilization.  |2 fast  |0 (OCoLC)fst00862898 
651 0 |a United States  |x Civilization  |v Periodicals. 
651 7 |a United States.  |2 fast  |0 (OCoLC)fst01204155 
655 0 |a Electronic journals. 
710 2 |a American Association for State and Local History. 
710 2 |a Society of American Historians. 
776 1 |t American heritage  |x 0002-8738  |w (DLC) 54014502  |w (OCoLC)1479963 
856 4 0 |z Full text available from Research Library: 09/01/1996 to 11/30/2005  |u https://search.proquest.com/publication/41563